recognize polish cities by a photo/rozpoznaj miasto po obrazku. - Statistics

General Stats
  • This quiz has been taken 27 times
  • The average score is 5 of 16
Answer Stats
Picture Answer % Correct
warsaw
100%
Wrocław
75%
Poznań
70%
łódź
55%
Cracow
40%
Szczecin
40%
Lublin
30%
Olsztyn
20%
Hel
15%
opole
15%
Grudziądz
10%
Koszalin
5%
piła
5%
Suwałki
5%
łomża
0%
Zabrze
0%
No matching quizzes found
Score Distribution
Percent of People with Each Score
Percentile by Number Answered
Your Score History
You have not taken this quiz